00340nam a2200133Ia 4500003000400000005001700004008004100021040001800062041000800080100004500088110001700133245003600150260002000186OSt20230526113202.0211028s2017 xx 000 0 und d cAIMIT LIBRARY aeng aArshad, Mohammed; Kumar, Rakesh.e151922 aRakesh Kumar aLoyalty management system- CRM. aMangalorec2017